|
|
|
|
| LEADER |
00000nam a2200000 a 4500 |
| 001 |
vtls001167493 |
| 003 |
SK-MaSNL |
| 005 |
20260301154122.0 |
| 008 |
250414s1994 DE ger |
| 020 |
|
|
|a 3821212950
|
| 035 |
|
|
|a SNK000110473
|
| 035 |
|
|
|a urn:nbn:sk:snk-amljsc
|
| 035 |
|
|
|a urn:nbn:sk:snk-am00bncm
|
| 035 |
|
|
|a 91D7C38A-CA5A-4A01-8CDC-789B1D881AF5
|
| 040 |
|
|
|a SNK
|b slo
|c SNK
|e AACR2
|
| 041 |
0 |
|
|a ger
|
| 044 |
|
|
|a DE
|
| 080 |
|
|
|a 087.5
|2 1981
|
| 080 |
|
|
|a 398.332.41
|2 1981
|
| 100 |
1 |
|
|a Nerling, Eva Maria von
|4 aut
|9 45982
|
| 245 |
1 |
0 |
|a Mein schönstes Weihnachtsbuch zum Lesen, Basteln, Spielen
|c Text Eva Maria von Nerling, Olaf Hille
|
| 260 |
|
|
|a Hamburg
|b Xenos
|c 1994
|e [Martin]
|f [Neografia]
|
| 300 |
|
|
|a 125 s.
|c 28 cm
|
| 700 |
1 |
|
|a Hille, Olaf
|4 aut
|9 44237
|
| 852 |
|
|
|a Slovenská národná knižnica
|
| 919 |
|
|
|a 3-8212-1295-0
|
| 954 |
|
|
|a vianoce
|a knihy detské nemecké
|
| 999 |
|
|
|c 795693
|d 797623
|
| 952 |
|
|
|t P60, <03>, [BOOK], {603}
|a SNK
|b SNK
|y PREZ
|7 0
|p 17A0172884
|o snkSB 52929
|0 0
|1 0
|4 0
|d 1998-12-04
|f 1
|l 0
|r 2025-03-18 00:00:00
|w 2026-02-24
|